| 000 | 00806nam a2200241 i 4500 | ||
|---|---|---|---|
| 001 | 105660 | ||
| 003 | ES-MaACL | ||
| 005 | 20230906183937.0 | ||
| 007 | t| | ||
| 008 | 060803s1979 fr ||||1| fre d | ||
| 020 | _a2-267-00193-4 | ||
| 080 | _a327.32(430.1) | ||
| 100 | 1 |
_aRoth, Karl Heinz. _999955 |
|
| 245 | 1 | 2 |
_aL'autre mouvement ouvrier en Allemagne, 1945-1978 _b: ; suivi de Le modèle Allemagne [contre l'autonomie des masses] ; Un nouveau fascisme ; La taylorisation du travail intellectuel. |
| 260 |
_aParis : _bChristian Bourgois, _c[1979] |
||
| 300 |
_a263 p. ; _c21 cm. |
||
| 490 | 1 | _aCibles | |
| 500 | _aBiblioteca Juan Andrade. | ||
| 650 |
_aMovimiento obrero- _zAlemania. _915208 |
||
| 830 | 0 |
_aCibles _9187431 |
|
| 852 |
_aES-MaACL _jAND-476 _bR.109779 |
||
| 999 |
_c105660 _d105660 |
||